Responses for Show #3691 - Monday, September 25, 2000

Andrew Garen game 4.

Contestants

[<< previous game]

Jeff Scherer, a senior art director from Brooklyn, New York

Shawn Freeman, a call center manager from Birmingham, Alabama

Andrew Garen, a project manager from Mamaroneck, New York (whose 3-day cash winnings total $31,300)

[next game >>]

Jeopardy! Round responses

THE STONES
THE 1930s
AVIATION
COLLEGES & UNIVERSITIES
TWAIN TRACTS
IS THAT YOUR "FINAL" ANSWER?
    $100 11
Mick Jagger

Jeff
    $100 15
San Francisco

Jeff
    $100 27
Federal Express

Shawn
    $100 18
University of Texas

Shawn
    $100 1
William Shakespeare

Jeff
    $100 3
The Final Four

Andrew
    $200 12
Burden

Jeff
    $200 17
"Pretty Boy" Floyd

Shawn
    $200 28
(J: What is a fighter?)

Helicopter

AndrewJeff
    $200 19
Wyoming

Shawn
    $200 2
(A: What is the Church of Scientology?)

Christian Science

Andrew
Triple Stumper
    $200 7
The final frontier

Shawn
    $300 13
Hell's Angels

Jeff
    $300 23
Birdseye

Shawn
    $800 29
(A: What is Paramount?)

TriStar

Andrew
    $300 20
Paris

Jeff
    $300 4
Joan of Arc

Andrew
    $300 8
The final curtain

Shawn
    $400 14
(Jeff: What is S?)
...
(Alex: They were formerly known as The Rollin' Stones.)

G

AndrewJeff
    $400 24
(minute to go...)

Robert Goddard

Andrew
    $400 30
Lufthansa

Andrew
    $400 21
University of Florida

Shawn
    $400 5
Hawaiian Islands

Andrew
    $400 9
Final cut

Jeff
    $500 16
Sitar

Jeff
    $500 25
(minute to go...)

Jane Addams

Andrew
    $500 26
(A: What is Boeing?)

Cessna

AndrewJeff
    $500 22
Notre Dame

Shawn
    $500 6
Florence

Jeff
    $500 10
(A: What is "The Final Solution?")
(J: What is "The Final Decision?")

"The Final Exit"

AndrewJeff
Triple Stumper

Scores at the first commercial break (after clue 15):

Andrew Shawn Jeff
$500 $500 $800

Scores at the end of the Jeopardy! Round:

Andrew Shawn Jeff
$700 $2,300 $1,900

Double Jeopardy! Round responses

THE STONES
(Alex: Not The Rolling Stones.)
'80s TV
CLASSICAL MUSIC SETTINGS
YE GODS!
CITY PEOPLE
POET'S DICTIONARY
    $200 13
Rosetta Stone

Jeff
    $200 20
Louise

Shawn
    $200 18
"Aida"

Andrew
    $200 1
Corn/maize

Jeff
    $200 11
Whitney Houston

Andrew
    $200 6
Couplet

Jeff
    $400 14
(Stone of) Scone

Triple Stumper
    $400 21
Denver

Andrew
    $400 19
Rome

Shawn
    $400 2
Buddha

Jeff
    $400 12
Dave Casper

Shawn
    $400 7
Limerick

Jeff
    $600 15
Stonehenge

Andrew
    $600 28
John Ritter

Jeff
    $1,500 25
(A: What is Buckingham Palace?)
(less than a minute to go...)

Tower of London

Andrew
    $600 3
(J: What is the weather?)

Moon

Jeff
Triple Stumper
    $600 22
Jack London

Jeff
    $600 8
Epic

Jeff
    $800 16
Kaaba

Shawn
    $2,000 29
(J: Who is Raymond Chandler?)
(buzzer sounds)

Virgil Tibbs

Jeff
    $800 26
Seville ("Carmen")

Andrew
    $800 4
Lion

Andrew
    $800 23
David Moscow

Triple Stumper
    $800 9
Elegy

Shawn
    $1000 17
Philosopher's Stone

Triple Stumper
    $1000 27
Hebrides

Andrew
    $1000 5
Adonis

Andrew
    $1000 24
Sofia Coppola

Andrew
    $1000 10
Refrain

Andrew

Scores at the end of the Double Jeopardy! Round:

Andrew Shawn Jeff
$6,200 $4,900 $2,500

[wagering suggestions for these scores]

Final Jeopardy! Round responses

THE U.S. POPULATION
(Alex: It's growing!)
JeffWhat is?
$101
ShawnWhat are the baby boomers?
$1,500
AndrewWhat is the Baby Boom?
$3,601
The "Baby Boom"

Final scores:

Andrew Shawn Jeff
$9,801 $6,400 $2,399
4-day champion: $41,101 2nd place: Trip to Cancun, Mexico courtesy of Yahoo! Travel 3rd place: TicketsNow.com Gift Certificate

Game dynamics:

Coryat scores:

Andrew Shawn Jeff
$8,500 $4,900 $4,500
18 R,
5 W
(including 2 DDs)
14 R,
0 W
18 R,
5 W
(including 1 DD)

Combined Coryat: $17,900

[game clues] [game scores] [suggest correction]

Game tape date: 2000-08-23
The J! Archive is created by fans, for fans. Scraping, republication, monetization, and malicious use prohibited; this site may use cookies and collect identifying information. See terms. The Jeopardy! game show and all elements thereof, including but not limited to copyright and trademark thereto, are the property of Jeopardy Productions, Inc. and are protected under law. This website is not affiliated with, sponsored by, or operated by Jeopardy Productions, Inc. Join the discussion at JBoard.tv.